Socialismo, autoritarismo y democracia /
Saved in:
| Main Author: | |
|---|---|
| Other Authors: | |
| Format: | 0/Unknown/ |
| Published: |
Lima:
IEP. CLACSO
|
| Online Access: | View in OPAC |
| Tags: |
No Tags, Be the first to tag this record!
|
MARC
| LEADER | 00000 a2200000 04500 | ||
|---|---|---|---|
| 001 | 9459 | ||
| 003 | |||
| 008 | 991231s d | ||
| 040 | |||
| 090 | |a 132806 | ||
| 100 | |a Calderón, Fernando | ||
| 245 | |a Socialismo, autoritarismo y democracia / |c Fernando Calderón | ||
| 260 | |a Lima: |b IEP. CLACSO | ||
| 300 | |a 219 p | ||
| 700 | |a comp | ||
| 999 | |c 910 |d 910 | ||